Normal view
MARC view
- تأليف المتنبي
Entry Personal Name
001 - CONTROL NUMBER
- control field: 33722
003 - CONTROL NUMBER IDENTIFIER
- control field: JO-AjAnu
005 - DATE AND TIME OF LATEST TRANSACTION
- control field: 20230606075644.0
008 - FIXED-LENGTH DATA ELEMENTS
- fixed length control field: 230606|| aca||aabn | a|a d
040 ## - CATALOGING SOURCE
- Original cataloging agency: JO-AjAnu
- Transcribing agency: JO-AjAnu
100 ## - HEADING--PERSONAL NAME
- Personal name: تأليف المتنبي
670 ## - SOURCE DATA FOUND
- Source citation: Work cat.: (JO-AjAnu)17322: تأليف المتنبي, author, الكتاب أمس المكان الآن: أدونيس مخطوطة تنسب إلى المتنبي يحققها وينشرها أدونيس، ج3